000 00937nam a2200289 a 4500
008
020 _a9781118802533 (paperback)
040 _aNUST
_cNUST
049 _aMAIN
090 _aRC925
_bWIL
100 1 _aWillmott, Henry.,
_aauthor.
245 1 0 _aTrauma and orthopaedics at a glance/
_c Henry Willmott.
260 _aWest Sussex, U.K
_bJohn Wiley & Sons,
_c2016.
300 _ax, 128 pages :
_billustrations (chiefly colour) ;
_c28 cm.
336 _atext
_btxt
_2rdacontent
337 _aunmediated
_bn
_2rdamedia
338 _avolume
_bnc
_2rdacarrier
500 _aIncludes index.
650 1 _aMusculoskeletal Diseases
_xtherapy.
650 _aOrthopedic Procedures.
650 _aMusculoskeletal System
_xinjuries.
650 _aWounds and Injuries
_xtherapy.
907 _a.b10413698
_b18-02-22
_c18-02-22
003
005 20230120204335.0
942 _cBOOKS
_kRC925
_mWIL
999 _c121508
_d121508